<?xml version="1.0" encoding="UTF-8"?>
<record
    xmlns:xsi="http://www.w3.org/2001/XMLSchema-instance"
    xsi:schemaLocation="http://www.loc.gov/MARC21/slim http://www.loc.gov/standards/marcxml/schema/MARC21slim.xsd"
    xmlns="http://www.loc.gov/MARC21/slim">

  <leader>06080nam a2200481Ia 4500</leader>
  <controlfield tag="001">dia_6326</controlfield>
  <controlfield tag="003">CHAP</controlfield>
  <controlfield tag="005">20241118181930.0</controlfield>
  <controlfield tag="007">ta</controlfield>
  <controlfield tag="008">220117s2008    mx ado frm    001 0 spa d</controlfield>
  <datafield tag="010" ind1=" " ind2=" ">
    <subfield code="a">177806</subfield>
  </datafield>
  <datafield tag="040" ind1=" " ind2=" ">
    <subfield code="c">CHAP</subfield>
    <subfield code="a">mxchpua</subfield>
    <subfield code="e">rda</subfield>
  </datafield>
  <datafield tag="041" ind1="0" ind2=" ">
    <subfield code="a">spa</subfield>
    <subfield code="b">eng</subfield>
  </datafield>
  <datafield tag="090" ind1=" " ind2=" ">
    <subfield code="a">Tesis </subfield>
    <subfield code="b">A95 </subfield>
    <subfield code="c">2008</subfield>
  </datafield>
  <datafield tag="100" ind1="1" ind2=" ">
    <subfield code="a">Avila Julio, Jes&#xFA;s Rafael</subfield>
  </datafield>
  <datafield tag="240" ind1="1" ind2="0">
    <subfield code="a">A study of hygiene and a proposal for its improvement in the production of processed foods: case study of the Chapingo Local Organic Market.</subfield>
    <subfield code="l">Espa&#xF1;ol</subfield>
  </datafield>
  <datafield tag="245" ind1="1" ind2="0">
    <subfield code="a">Diagn&#xF3;stico de higiene y propuesta de mejora en la elaboraci&#xF3;n de alimentos procesados : </subfield>
    <subfield code="b">caso Tianguis Org&#xE1;nico Chapingo /</subfield>
    <subfield code="c">Jes&#xFA;s Rafael Avila Julio</subfield>
  </datafield>
  <datafield tag="264" ind1=" " ind2=" ">
    <subfield code="a">Chapingo, M&#xE9;xico :</subfield>
    <subfield code="b">El autor,</subfield>
    <subfield code="c">2008</subfield>
  </datafield>
  <datafield tag="300" ind1=" " ind2=" ">
    <subfield code="a">xii, 95 hojas :</subfield>
    <subfield code="b">ilustraciones, gr&#xE1;ficas, tablas, fotos</subfield>
  </datafield>
  <datafield tag="336" ind1=" " ind2=" ">
    <subfield code="2">rdacontent</subfield>
    <subfield code="a">texto</subfield>
    <subfield code="b">txt</subfield>
  </datafield>
  <datafield tag="337" ind1=" " ind2=" ">
    <subfield code="2">rdamedia</subfield>
    <subfield code="a">no mediado</subfield>
    <subfield code="b">n</subfield>
  </datafield>
  <datafield tag="338" ind1=" " ind2=" ">
    <subfield code="2">rdacarrier</subfield>
    <subfield code="a">volumen</subfield>
    <subfield code="b">nc</subfield>
  </datafield>
  <datafield tag="502" ind1=" " ind2=" ">
    <subfield code="a">Tesis </subfield>
    <subfield code="b">(Ingeniero Agroindustrial) -- </subfield>
    <subfield code="c">UACh. Departamento de Ingenier&#xED;a Agroindustrial, </subfield>
    <subfield code="d">2008</subfield>
  </datafield>
  <datafield tag="504" ind1=" " ind2=" ">
    <subfield code="a">Bibliograf&#xED;a: hojas 92-95</subfield>
  </datafield>
  <datafield tag="520" ind1="3" ind2=" ">
    <subfield code="a">Los alimentos deben estar libres de peligros f&#xED;sicos, qu&#xED;micos y biol&#xF3;gicos, es decir, deben ser inocuos. En caso contrario, pueden provocar enfermedades, perjudicar al comercio y al turismo y ocasionar p&#xE9;rdidas de ingresos, desempleo, demandas y fuertes gastos en salud. Los alimentos org&#xE1;nicos, debido a sus t&#xE9;cnicas de producci&#xF3;n no contienen residuos qu&#xED;micos, no obstante el riesgo de peligros biol&#xF3;gicos est&#xE1; latente. En dicho contexto, la coordinaci&#xF3;n del Tianguis Org&#xE1;nico Chapingo (TOCh) se interes&#xF3; en que todos los productos procesados que se ofrecen, sean sanos e higi&#xE9;nicos, de acuerdo a los procedimientos y normas oficiales; para garantizar al consumidor un alimento de la m&#xE1;s alta calidad, sin ning&#xFA;n riesgo para la salud. Por ello desde noviembre de 2007, se realiz&#xF3; un an&#xE1;lisis de cumplimiento a las pr&#xE1;cticas de higiene y sanidad en el tianguis mencionado, la investigaci&#xF3;n inici&#xF3; con la identificaci&#xF3;n de los alimentos m&#xE1;s demandados que son: quesos, panes, c&#xE1;rnicos, conservas, salsas, tlacoyos y tortilla. El paso siguiente consisti&#xF3; en la visita y aplicaci&#xF3;n del formato de auditoria de la NOM-120-SSA1-1994 a los respectivos productores. El resultado arroj&#xF3; que el proceso de elaboraci&#xF3;n de c&#xE1;rnicos cumple en un 94% con la norma, seguido por los quesos con 90% y el resto entre 70-80% de conformidad. Los principales problemas encontrados son: deficiencias en instalaciones f&#xED;sicas, limpieza y desinfecci&#xF3;n y control de plagas. Para el pleno cumplimiento de la norma, se recomiendan cursos de capacitaci&#xF3;n en h&#xE1;bitos de higiene del personal, sanidad de las instalaciones de uso com&#xFA;n y equipo de trabajo. La fase de investigaci&#xF3;n ha continuado con la transferencia de conocimientos, a trav&#xE9;s de talleres, a los productores y procesadores del TOCh y otros mercados. Finalmente, se elabor&#xF3; un documento denominado: Lineamientos generales de pr&#xE1;cticas de higiene y sanidad para el procesamiento de alimentos, para su futura implementaci&#xF3;n en el resto de los 20 mercados que conforman la Red Mexicana de Tianguis y Mercados Org&#xE1;nicos.</subfield>
  </datafield>
  <datafield tag="520" ind1="3" ind2=" ">
    <subfield code="a">It is important that food products be free of physical, chemical and biological dangers. In other words, foods must be safe to eat. In the case that foods are not safe, they can cause illnesses, be damaging to business and tourism, and lead to loss of income, unemployment, lawsuits, and high health care costs. Because of the production methods involved, organic foods do not contain chemical residues; however, they still present a latent risk for biological dangers. Given this context, the coordinators of the Chapingo Local Organic Market became interested in ensuring that the processed products offered at the market were healthy and hygienic, and produced in accordance with official norms and procedures, thereby guaranteeing to the consumer products of the highest quality and free of health risks. As a result, beginning in November, 2007, an analysis of compliance with hygiene and food safety standards in the aforementioned market was conducted. This study began with the identification of the foods in highest demand, which are: cheeses, breads, meats, preserves, salsas, tlacoyos and tortillas. The next step was to visit the relevant producers and apply the NOM-120-SSA1-1994 auditing procedures. The results demonstrated that production of meat products met 94% of the standards, followed by cheeses at 90%, while the rest of the products ranged between 70-80% in terms of compliance. The principle problems encountered are: deficiencies in physical facilities, cleaning and disinfection, and pest control. In order to achieve full compliance with the norms, capacity building courses in personal hygiene habits, and the hygiene of shared facilities and work equipment are recommended. The research process has continued with knowledge transfer through workshops held for the producers and processors of the Chapingo Local Organic Market and other markets. Finally, a document entitled General Guidelines for Health and Hygiene Practices in Food Processing was created for future implementation in the rest of the 20 markets that make up the Mexican Network of Local Organic Markets.</subfield>
  </datafield>
  <datafield tag="650" ind1="1" ind2="3">
    <subfield code="a">Alimentos procesados  </subfield>
    <subfield code="2">atg</subfield>
  </datafield>
  <datafield tag="650" ind1="1" ind2="3">
    <subfield code="a">Buenas pr&#xE1;cticas de fabricaci&#xF3;n  </subfield>
    <subfield code="2">atg</subfield>
  </datafield>
  <datafield tag="650" ind1="1" ind2="3">
    <subfield code="a">Buenas pr&#xE1;cticas de higiene  </subfield>
    <subfield code="2">atg</subfield>
  </datafield>
  <datafield tag="650" ind1="1" ind2="3">
    <subfield code="a">Good hygiene practices  </subfield>
    <subfield code="2">atg</subfield>
  </datafield>
  <datafield tag="650" ind1="1" ind2="3">
    <subfield code="a">Good manufacturing practices</subfield>
    <subfield code="2">atg</subfield>
  </datafield>
  <datafield tag="650" ind1="1" ind2="3">
    <subfield code="a">Processed foods  </subfield>
    <subfield code="2">atg</subfield>
  </datafield>
  <datafield tag="700" ind1="1" ind2=" ">
    <subfield code="a">G&#xF3;mez Cruz, Manuel &#xC1;ngel</subfield>
    <subfield code="e">director</subfield>
  </datafield>
  <datafield tag="700" ind1="1" ind2=" ">
    <subfield code="a">Corrales Garc&#xED;a, Jos&#xE9; Joel Enrique</subfield>
    <subfield code="e">asesor</subfield>
  </datafield>
  <datafield tag="700" ind1="1" ind2=" ">
    <subfield code="a">Vel&#xE1;zquez Castillo, Alejandra</subfield>
    <subfield code="e">asesora</subfield>
  </datafield>
  <datafield tag="856" ind1="4" ind2="1">
    <subfield code="u">http://10.13.5.2/tesis/107551.pdf</subfield>
    <subfield code="y">DESCARGAR PDF</subfield>
  </datafield>
  <datafield tag="901" ind1=" " ind2=" ">
    <subfield code="a">TESIS A95 2008</subfield>
  </datafield>
  <datafield tag="902" ind1=" " ind2=" ">
    <subfield code="a">M</subfield>
  </datafield>
  <datafield tag="905" ind1=" " ind2=" ">
    <subfield code="a">5232272008                          mx dnm 8223123322spa16</subfield>
  </datafield>
  <datafield tag="942" ind1=" " ind2=" ">
    <subfield code="c">TESIS</subfield>
    <subfield code="2">Clasificaci&#xF3;n Universidad Aut&#xF3;noma Chapingo</subfield>
  </datafield>
  <datafield tag="999" ind1=" " ind2=" ">
    <subfield code="c">177806</subfield>
    <subfield code="d">177806</subfield>
  </datafield>
  <datafield tag="952" ind1=" " ind2=" ">
    <subfield code="0">0</subfield>
    <subfield code="1">0</subfield>
    <subfield code="2">local</subfield>
    <subfield code="4">0</subfield>
    <subfield code="5">5</subfield>
    <subfield code="7">0</subfield>
    <subfield code="8">TESIS</subfield>
    <subfield code="a">IA_</subfield>
    <subfield code="b">IA_</subfield>
    <subfield code="d">2024-11-26</subfield>
    <subfield code="e">El autor</subfield>
    <subfield code="l">1</subfield>
    <subfield code="o">Tesis A95 2008</subfield>
    <subfield code="p">1101001786</subfield>
    <subfield code="r">2026-02-02 00:00:00</subfield>
    <subfield code="s">2024-11-26</subfield>
    <subfield code="t">Ej. 2</subfield>
    <subfield code="y">TESIS</subfield>
  </datafield>
  <datafield tag="952" ind1=" " ind2=" ">
    <subfield code="0">0</subfield>
    <subfield code="1">0</subfield>
    <subfield code="2">local</subfield>
    <subfield code="4">0</subfield>
    <subfield code="5">1</subfield>
    <subfield code="7">0</subfield>
    <subfield code="8">TESIS</subfield>
    <subfield code="a">IA_</subfield>
    <subfield code="b">IA_</subfield>
    <subfield code="d">2022-01-18</subfield>
    <subfield code="e">El autor</subfield>
    <subfield code="l">0</subfield>
    <subfield code="o">Tesis A95 2008</subfield>
    <subfield code="p">1101001785</subfield>
    <subfield code="r">2026-02-02 00:00:00</subfield>
    <subfield code="t">Ej. 1</subfield>
    <subfield code="y">TESIS</subfield>
  </datafield>
  <datafield tag="952" ind1=" " ind2=" ">
    <subfield code="0">0</subfield>
    <subfield code="1">0</subfield>
    <subfield code="2">local</subfield>
    <subfield code="4">0</subfield>
    <subfield code="7">0</subfield>
    <subfield code="8">TesDigL</subfield>
    <subfield code="a">IA_</subfield>
    <subfield code="b">IA_</subfield>
    <subfield code="c">E_L</subfield>
    <subfield code="d">2024-11-18</subfield>
    <subfield code="e">El autor</subfield>
    <subfield code="l">0</subfield>
    <subfield code="p">1201001785</subfield>
    <subfield code="r">2024-11-18 18:21:20</subfield>
    <subfield code="w">2024-11-18</subfield>
    <subfield code="y">TD</subfield>
  </datafield>
</record>
